000 01545cam a2200481 a 4500
999 _c23225
_d23225
001 vtls011699039
005 20220427120436.0
008 200316s2017 xo o g h 000 0cslo
020 _a9788081281884
_q(viaz.)
035 _aurn:nbn:sk:snk-am00dheu
035 _aurn:nbn:sk:snk-am3i2cl
035 _a82BEE32F-8CBE-484F-A245-66FEC1F63043
040 _aPPPK
_bslo
_cPPPK
_dSVKBB
_dSNK
_eAACR2
041 0 _aslo
044 _axo
_cSK
072 7 _a81
_xLingvistika. Jazyky
_2konspekt
072 7 _a929
_xBiografie
_2konspekt
080 _a81’1
_22011
080 _a811.162.4
_22011
080 _a81’1-051
_22011
080 _a(437.6)
_22011
080 _a(092)
_22011
100 1 _aKačala, Ján,
_d1937-
_93024
245 1 0 _aOsobnosti slovenskej jazykovedy v 20. storočí
_cJán Kačala
260 _aMartin
_bMatica slovenská
_c2017
300 _a248 s.
_bfotogr.
_c22 cm
490 1 _aJazykovedné spisy Matice slovenskej
_v9. zv.
648 7 _a20. storočie
_2SNKPH
_92073
648 7 _a20th century
_2SNKPHeng
_92074
650 0 7 _alingvistika
_2SNKPH
_93025
650 0 7 _aslovenčina
_2SNKPH
_92354
650 0 7 _alingvisti
_2SNKPH
_93026
650 0 7 _aLinguistics
_2SNKPHeng
_93027
650 0 7 _aSlovak language
_2SNKPHeng
_92358
650 0 7 _aLinguists
_2SNKPHeng
_93028
651 7 _aSlovensko
_2SNKPH
_91613
651 7 _aSovakia
_2SNKPHeng
_93029
655 7 _abiografie
_2SNKPH
_91756
655 7 _aBiography
_2SNKPHeng
_91759
958 _aBX
958 _aNB